000 00533nam a2200193Ia 4500
005 20250326140724.0
008 250326s9999 xx 000 0 und d
037 _aTextbook
040 _aFMSL
_beng
_cFMSL
041 _aeng
_2eng
084 _aX P9
_qFMSL
100 _aMehta P S
_9735265
245 0 _aPolitics tripumphs economics?
_cMehta P S; Evenett S J
260 _aNew Delhi
_bNew Delhi, Academic Foundation
_c2009
365 _b1195
650 _aManagement
942 _cTB
_hX P9
999 _c1287011
_d1287011